Pays qui commencent par la lettre A - Statistiques

Statistiques générales
  • Ce quiz a été pris 2 078 fois
  • Le résultat moyen est 11 sur 14
Statistiques - réponses
Continent Pays % Correct
Europe Albanie
91%
Océanie Australie
91%
Europe Allemagne
90%
Afrique Algérie
86%
Asie Arménie
86%
Europe Andorre
84%
Europe Autriche
84%
Amérique Argentine
83%
Asie Afghanistan
82%
Afrique Angola
81%
Afrique Afrique du Sud
77%
Asie Azerbaïdjan
77%
Asie Arabie Saoudite
69%
Amérique Antigua-et-Barbuda
65%
Aucun quiz correspondant
Distribution des résultats
% des personnes avec chaque résultat
Percentile par nombre de réponses
Votre historique - résultats
Vous n’avez pas pris ce quiz